[Event "Joao Pessoa Fischer Memorial 8th"]
[Site "Joao Pessoa"]
[Date "2017.03.17"]
[Round "1"]
[White "Barreto Junior, Williem Silva"]
[Black "Da Silva, Anderson Vieira"]
[Result "1/2-1/2"]
[WhiteElo "2198"]
[BlackElo "1754"]
[PlyCount "58"]
[EventDate "2017.03.17"]
[EventType "swiss"]
[EventRounds "6"]
[EventCountry "BRA"]
[SourceTitle "CBM 177 Extra"]
[Source "ChessBase"]
[SourceDate "2017.04.27"]
[SourceVersion "1"]
[SourceVersionDate "2017.04.27"]
[SourceQuality "1"]

1. d4 Nf6 2. c4 e6 3. Nf3 d5 4. e3 Be7 5. Nc3 0-0 6. Bd3 b6 7. 0-0 Bb7 8. Ne5 dxc4 9. Bxc4 Nbd7 10. f4 c5 11. Qe2 cxd4 12. exd4 Rc8 13. Be3 Ne8 14. Bb5 Ndf6 15. Rad1 Nd6 16. Bd3 Nfe4 17. Bd2 f5 18. Nxe4 Nxe4 19. Be3 Rf6 20. Rc1 Rh6 21. Ba6 Rb8 22. Bxb7 Rxb7 23. Qa6 Qd5 24. Nc6 Rg6 25. Qxb7 Rxg2+ 26. Kxg2 Ng5+ 27. Kf2 Qf3+ 28. Ke1 Qxe3+ 29. Kd1 Qd3+ 1/2-1/2

[Event "Joao Pessoa Fischer Memorial 8th"]
[Site "Joao Pessoa"]
[Date "2017.03.17"]
[Round "2"]
[White "Da Silva, Anderson Vieira"]
[Black "Coelho, Ramyres Santana"]
[Result "1-0"]
[WhiteElo "1754"]
[BlackElo "1997"]
[PlyCount "67"]
[EventDate "2017.03.17"]
[EventType "swiss"]
[EventRounds "6"]
[EventCountry "BRA"]
[SourceTitle "CBM 177 Extra"]
[Source "ChessBase"]
[SourceDate "2017.04.27"]
[SourceVersion "1"]
[SourceVersionDate "2017.04.27"]
[SourceQuality "1"]

1. d4 Nf6 2. Bf4 g6 3. Nf3 Bg7 4. h3 d6 5. c4 0-0 6. e3 Nbd7 7. Nc3 c6 8. Be2 Qc7 9. c5 Rd8 10. 0-0 Nf8 11. Bh2 Qa5 12. cxd6 exd6 13. Nd2 b5 14. a3 Ne6 15. f4 Nc7 16. e4 Qb6 17. Nf3 Re8 18. e5 Nfd5 19. Qd2 dxe5 20. fxe5 Nxc3 21. bxc3 Be6 22. Kh1 Rad8 23. Ng5 Bd5 24. Qf4 Re7 25. Nxh7 Bxg2+ 26. Kxg2 Nd5 27. Qh4 Ne3+ 28. Kh1 Nxf1 29. Rxf1 Qb7 30. Ng5 c5+ 31. Bf3 Qb6 32. Qh7+ Kf8 33. e6 f6 34. Qxg6 1-0

[Event "Pernambuco-ch"]
[Site "Olinda"]
[Date "2017.01.??"]
[Round "5"]
[White "Da Silva, Anderson Vieira"]
[Black "Mathias, Carlos Augusto De C"]
[Result "0-1"]
[WhiteElo "1754"]
[BlackElo "1514"]
[PlyCount "156"]
[EventDate "2017.01.13"]
[EventType "tourn"]
[EventRounds "9"]
[EventCountry "BRA"]
[SourceTitle "EXT 2022"]
[Source "ChessBase"]
[SourceDate "2021.10.06"]
[SourceVersion "1"]
[SourceVersionDate "2021.10.06"]
[SourceQuality "1"]

1. e4 e5 2. Nf3 Nc6 3. Bc4 f5 4. d4 fxe4 5. Nxe5 Nxe5 6. dxe5 Qe7 7. Qd4 d6 8. Bf4 dxe5 9. Bxe5 Nf6 10. Nc3 Bf5 11. Bg3 c6 12. Bb3 Be6 13. 0-0-0 Bxb3 14. axb3 Rd8 15. Qxa7 Rxd1+ 16. Rxd1 Kf7 17. Bd6 Qe8 18. Qxb7+ Kg6 19. Bc7 Be7 20. Re1 Bc5 21. f3 e3 22. Bb6 Qe5 23. Qxc6 Qd4 24. Ne4 Bxb6 25. c3 Qd8 26. g4 h6 27. Qe6 Re8 28. Qf5+ Kf7 29. Rd1 e2 30. Rh1 Be3+ 31. Kc2 Rxe4 32. fxe4 Qd2+ 33. Kb1 e1Q+ 34. Rxe1 Qxe1+ 35. Ka2 Qe2 36. e5 Bc1 37. e6+ Kg8 38. Ka3 Bxb2+ 39. Kb4 Qd2 40. Qc5 Nd5+ 41. Kc4 Ne3+ 42. Kb4 Nc2+ 43. Ka4 Qf4+ 44. c4 Qb8 45. Ka5 Bc3+ 46. Ka4 Qa8+ 47. Kb5 Qa5+ 48. Kc6 Nb4+ 49. Kd6 Qa6+ 50. Kd7 Qb7+ 51. Qc7 Qxc7+ 52. Kxc7 Kf8 53. Kd7 Bf6 54. c5 Na6 55. c6 Nc5+ 56. Kd6 Be7+ 57. Kd5 Na6 58. Ke5 Ke8 59. Kf5 Nc7 60. Ke5 Kd8 61. Kf5 Kc8 62. Kg6 Bf6 63. Kf7 Nd5 64. b4 Kc7 65. b5 Kb6 66. Ke8 Kxb5 67. Kd7 Kb6 68. c7 Nxc7 69. e7 Be5 70. h4 Kc5 71. e8Q Nxe8 72. Kxe8 Bf6 73. Kf7 Bxh4 74. Kxg7 Bg5 75. Kg6 Kd4 76. Kf5 Ke3 77. Kg6 Kf4 78. Kh5 Kf3 0-1